Statistics for The Miraculous Quiz!

Click here to take the quiz!

General Stats

  • This quiz has been taken 666 times
    (642 since last reset)
  • The average score is 28 of 53

Answer Stats

HintAnswer% Correct
MiraculousName of Ladybug's kwamiTikki
87%
MiraculousSecret identity of Chat NoirAdrien Agreste
85%
MiraculousName of Chat Noir's kwamiPlagg
84%
AkumaUses an umbrella to achieve her endsStormy Weather
83%
Last NamesBourgeoisChloe
80%
MiraculousLadybug's alter egoMarinette Dupain-Cheng
79%
Last NamesAgreste (older)Gabriel
78%
AkumaHer phone is her weaponLady Wifi
77%
Last NamesCesaireAlya
76%
AkumaStole the Mona LisaCopy Cat
74%
Last NamesLahiffeNino
74%
AkumaHas a grudge against adultsThe Bubbler
73%
MiraculousButterfly kwamiNooroo
71%
Last NamesLavillantRose
69%
Last NamesRossiLila
67%
Last NamesDupainTom
67%
AkumaHates Valentine's DayDislocoeur
66%
Last NamesRaincomprix (younger)Sabrina
66%
Last NamesLe ChienKim
63%
AkumaFirst known akumaStoneheart
63%
Last NamesCouffaineJuleka
62%
AkumaHas a crush on Prince AliPrincess Fragrance
62%
MiraculousMaster Fu's roleGuardian of the Miraculous
60%
AkumaHe just really, really, really loves city birdsMr. Pigeon
59%
Last NamesChengSabine
59%
AkumaA new rival with lies behind her eyesVolpina
55%
Last NamesKubdel (youngest)Alix
53%
Last NamesBruelIvan
53%
Last NamesKanteMax
53%
AkumaHis panther was insultedAniman
47%
MiraculousWhere there's a will, there's aWayzz
47%
Last NamesKurtzburgNathanael
46%
MiraculousName for anime Chat NoirFelix
45%
Last NamesHaprele (younger)Mylene
44%
AkumaFired for not breaking the lawRogercop
44%
AkumaHas a dragon sidekickGuitar Villain
43%
AkumaA chef with passion for his artKung Food
43%
AkumaNot particularly vicious, just scaryHorrificator
42%
AkumaBecomes the only one anyone seesReflekta
42%
AkumaTook a person on a date before getting revengeLe Dessinateur
41%
AkumaGiant evil robot? Check.Le Gamer
40%
Last NamesChamack (older)Nadja
39%
AkumaThe only way to stop him was to knock over the Eiffel TowerPantomime
38%
AkumaIs finally an akumaAntibug
37%
AkumaSteals energy for others to give herself more powerChronogirl
36%
MiraculousName for the anime LadybugBridgette
33%
AkumaThe Mayor's opponent in the last electionDark Blade
32%
AkumaA smart young mind with no excuse to practise ancient magicPharaoh
21%
AkumaA magician with sick card tricksJackady
8%
AkumaYoungest akumaPuppetteer
7%
AkumaIs the biggest fan of ^Digital
5%
AkumaTargets her best friendInvisible One
3%
AkumaWas just trying to do a nice thing, and then Ladybug comes alongBother Christmas
1%

Score Distribution

Percentile by Number Answered

Percent of People with Each Score

Your Score History

You have not taken this quiz since the last reset